| 000 | 00640nam a22002057a 4500 | ||
|---|---|---|---|
| 005 | 20250808142300.0 | ||
| 010 | _aENG-123196 ENG-146430 | ||
| 020 |
_a9789380458496 _c695.00 |
||
| 035 | _aEN-106728 | ||
| 035 | _aEN-129962 | ||
| 037 | _bDBAD | ||
| 082 | _a363.17920543 | ||
| 100 |
_aTiwari, Swati _983996 |
||
| 245 |
_aThe let down / _cby Swati Tiwari; translated by Dinesh Malviya |
||
| 260 |
_aNew Delhi _bSamayik Books _c2012 |
||
| 270 |
_a3320-21 jatwara, Daryaganj, N.S. Marg, _bNew Delhi _e110002 |
||
| 300 |
_a222p. _c22cm(Hb) |
||
| 700 |
_a Malviya, Dinesh _983997 |
||
| 942 |
_2ddc _cEN _mTIW _h363.17920543 |
||
| 999 |
_c152649 _d152649 |
||